Rubber seed processing industry in India. Pt I (Record no. 47403)
[ view plain ]
| 000 -LEADER | |
|---|---|
| fixed length control field | 01010nam a2200157Ia 4500 |
| 100 ## - MAIN ENTRY--AUTHOR NAME | |
| Personal name | Veeraputhran S |
| 245 #0 - TITLE STATEMENT | |
| Title | Rubber seed processing industry in India. Pt I |
| 520 ## - SUMMARY, ETC. | |
| Summary, etc | The study provides a brief sketch of the evolution of the rubber seed processing industry in India followed by an analysis of the trends in the production of rubber seed oil and cake from 1976-77 to 1998-99. The annual availability of rubber seeds is estimated and the factors influencing the production are explained. The primary marketing of rubber seeds in India for nurseries intended for plant propagation and processing is looked into. The processing steps are described and the study reports an oil and cake recovery of 14.6 and 23.8 per cent from seed and 36.5 and 59.5 per cent from dried kernel, the balance being wastes. |
| 650 ## - SUBJECT ADDED ENTRY--TOPICAL TERM | |
| Topical Term | India |
| 650 ## - SUBJECT ADDED ENTRY--TOPICAL TERM | |
| Topical Term | Marketing |
| 650 ## - SUBJECT ADDED ENTRY--TOPICAL TERM | |
| Topical Term | Rubber seed |
| 650 ## - SUBJECT ADDED ENTRY--TOPICAL TERM | |
| Topical Term | Rubber seed industry |
| 700 ## - ADDED ENTRY--PERSONAL NAME | |
| Personal name | Joseph Toms |
| 942 ## - ADDED ENTRY ELEMENTS (KOHA) | |
| Koha item type | Bibliography RLSE |
| Withdrawn status | Lost status | Damaged status | Not for loan | Home library | Current library | Date acquired | Koha item type |
|---|---|---|---|---|---|---|---|
| Bibliography | RRII Library | RRII Library | 31/12/2021 | Bibliography RLSE |